000 00214nam a22000857a 4500
008 161129b xxu||||| |||| 00| 0 eng d
100 _91578
_aRaj.P.V.
245 _aSpeak in Style
260 _aJharkhand
_bUsha Paulraj
_c2005
999 _c4308
_d4308